Detalles MARC
| 000 -LIDER |
| fixed length control field |
03863cam a22003733a 4500 |
| 001 - NÚMERO DE CONTROL |
| Identificador de número de control |
0000707 |
| 003 - IDENTIFICACDOR DE NÚMERO DE CONTROL |
| control field |
DO-SdBNP |
| 005 - DATE AND TIME OF LATEST TRANSACTION |
| control field |
20220317112629.0 |
| 007 - CAMPOS FIJOS DE DESCRIPCIÓN FÍSICA |
| fixed length control field |
0000707 |
| 008 - ELEMENTOS DE LONGITUD FIJA |
| fixed length control field |
861112 1990 sp ac 000 0 spa d |
| 010 ## - NUMERO DE CONTROL DE BIBLIOTECA DEL CONGRESO |
| LC control number |
|
| 020 ## - ISBN |
| International Standard Book Number |
8434552361 (obra completa) |
| 020 ## - ISBN |
| International Standard Book Number |
8434553716 (v. 1) |
| 020 ## - ISBN |
| International Standard Book Number |
8434553724 (v. 2) |
| 020 ## - ISBN |
| International Standard Book Number |
8434553732 (v. 3) |
| 020 ## - ISBN |
| International Standard Book Number |
8434553740 (v. 4) |
| 020 ## - ISBN |
| International Standard Book Number |
8434553759 (v. 5) |
| 040 ## - FUENTE DE CATALOGACIÓN |
| Agencia que crea de manera original el registro |
BPMSU |
| Agencia que realiza la transcripción |
spa |
| Agencia que realiza la modificación |
BPMSU |
| -- |
|
| 082 #4 - NÚMERO DE CLASIFICACIÓN DECIMAL DE DEWEY |
| Classification number |
780.9 |
| Item number |
H673m |
| 245 00 - MENCIÓN DE TITULO |
| Título |
Historia de la música pop / |
| Mención de responsabilidad |
director Juan Salvat ; prólogo José Ramón Pardo |
| 260 0# - PUBLICACIÓN, DISTRIBUCIÓN, ETC. (PIE DE IMPRENTA) |
| Lugar de publicación, distribución, etc |
Barcelona : |
| Nombre del editor, distribuidor, etc. |
Salvat, |
| Fecha de publicación, distribución, etc |
1990. |
| 300 ## - DESCRIPCIÓN FÍSICA |
| Extensión |
5 v. : |
| Otros detalles físicos |
il., retrato |
| Dimensiones |
30 cm. |
| 505 ## - NOTA DE CONTENIDO |
| Información miscelánea |
v. 1 -- |
| -- |
Los primeros pasos, hasta 1955 -- |
| Título |
Los orígenes del jazz. Scott Joplin, Buddy Bolden, Jelly Roll Morton -- |
| -- |
La edad de oro del jazz de Nueva Orleans. Louis Armstrong -- |
| -- |
La era del swing y los grandes virtuosos -- |
| -- |
El jazz se especializa. Del bebop al cool, Charlie Parker, Dizzy Gillespie, Miles Davis -- |
| -- |
Los grandes cantantes. Bing Crosby, Frank Sinatra, Andrews Sisters -- |
| -- |
La canción europea. cabaret alemán, charson francesa, romanza italiana -- |
| -- |
El toque latino. Xavier Cugat, Pérez Prado, Carlos Gardel, Panchos -- |
| -- |
Las raíces blancas. Country y folk. Hank Williams, Jimmie Rogers, Woody Guthrie, Pete Seeger -- |
| -- |
El rhyhm and blues. Muddy Waters, John Lee Hooker, B. B. King -- |
| 505 ## - NOTA DE CONTENIDO |
| Información miscelánea |
v. 2 -- |
| -- |
La explosión del rock, 1955-1963 -- |
| Título |
Pioneros del rock and roll -- |
| -- |
El rock and roll negro, Chuck Berry, Ray Charles y Little Richard -- |
| -- |
El rock blanco, Elvis Prisley, Everly Brothers -- |
| -- |
El du-duá, Los Platters, Drifters vs. Coasters -- |
| -- |
La era prebeatle. La nueva generación: Paul Anka y Sam Cooke -- |
| -- |
Los nuevos bailes. Chubby Checker, Rock ingles, Cliff Richard y los Shadows -- |
| -- |
La música folk. Bob Dylan y Joan Baez -- |
| -- |
El rock en español, pioneros en América y en España -- |
| 505 ## - NOTA DE CONTENIDO |
| Información miscelánea |
v. 3 -- |
| -- |
La época dorada, 1963-1970 -- |
| Título |
Beatles -- |
| -- |
Rolling Stones -- |
| -- |
El contraataque americano. surf y Monkees -- |
| -- |
Simon & Garfunkel. El Folk Rock -- |
| -- |
Hippies y psicodélicos -- |
| -- |
El triunfo del sonido negro: la música soul -- |
| -- |
Nace, en Inglaterra, el blues blanco -- |
| -- |
El rock sinfónico. Pink Floyd -- |
| -- |
El rock se pone duro. Led Zeppelin -- |
| -- |
Los grandes que crearon escuela. The Doors y Creedence claerwater Revival -- |
| -- |
El rock se desgarra. Janis y Jimi -- |
| -- |
Los grandes festivales: de Monterey a Wight -- |
| -- |
Las voces melódicas de la década -- |
| -- |
El sabor latino -- |
| -- |
El otro pop europeo. El ye-yé italo-frances. Rock en español -- |
| 505 ## - NOTA DE CONTENIDO |
| Información miscelánea |
v. 4 -- |
| -- |
El camino a los orígenes, 1970-1990 -- |
| Título |
Jazz rock y música latina. Chicago y Santana -- |
| -- |
La edad de oro de los cantautores -- |
| -- |
Del country rock al country pop. Crosby, Stills, Nash & Young. Eagles -- |
| -- |
El glam rock. David Bowie y Elton John -- |
| -- |
Del sonido Filaderfia a la discoteca. Be Gees, Travolta, Rod steward -- |
| -- |
Los supergrupos, Supertramp, Queen, Dire Straits -- |
| -- |
El reggae, Bob Marley -- |
| -- |
La música española de los setenta, Joan Manuel Serrat, Cecilia, Julio Iglesias -- |
| -- |
La herencia de los setenta, Bruce Springsteen, Michael Jackson -- |
| -- |
Punk y new wave, Sex Pistols, Clash Jam, Police y Sting -- |
| -- |
Entre el tecno y la nueva era, Mike Olfield, Vangelis OMD -- |
| -- |
Funky, rap y el esplendor de la música negra, Stevie Wonder, Prince, Lionel Richie -- |
| -- |
Pop adolescente y visual. Duran Duran, spanday ballet, George Michael -- |
| -- |
La mujer en los ochenta, Tina Turner, Madonna -- |
| -- |
Rock místico y épico, U2, Sinead O´Connor, Simple Minds -- |
| -- |
Nueva ola y movida en España, Mecano, Alaska, Radio Futura -- |
| 505 ## - NOTA DE CONTENIDO |
| Información miscelánea |
v. 5 -- |
| -- |
Diccionario -- |
| 600 ## - ENCABEZAMIENTO DE MATERIA--NOMBRE PERSONAL |
| Nombre personal |
|
| Subdivisión temática general |
|
| 650 #4 - ENCABEZAMIENTO DE MATERIA--TEMÁTICO |
| Término temático o nombre geográfico como elemento de entrada |
MÚSICA POP |
| Subdivisión temática general |
HISTORIA |
| 700 12 - ASIENTO SECUNDARIO -- NOMBRE PERSONAL |
| Nombre personal |
Salvat, Luís |
| Mención de responsabilidad |
dir. |
| 700 12 - ASIENTO SECUNDARIO -- NOMBRE PERSONAL |
| Nombre personal |
Pardo, José Ramón |
| Mención de responsabilidad |
prol. |
| 910 ## - VALIDACIÓN |
| Validación |
VMateo /Validado. Control de calidad MFF |
| 942 ## - ADDED ENTRY ELEMENTS (KOHA) |
| Source of classification or shelving scheme |
Dewey Decimal Classification |
| Koha item type |
Libros |